Ultimate Brainrot Quiz! 170 Questions!! - Statistics

General Stats
  • This quiz has been taken 1,690 times
  • The average score is 73 of 170
Answer Stats
Hint Answer % Correct
Slang for Charisma and what you have when you try to get a girls number Rizz
97%
A popular, cool, and self-sufficient person that is always the dominant leader Sigma
91%
What you yell when you see a girl with a huge behind Gyat
87%
Term for strengthening your jawline Mewing
85%
Sticking out your Gyatt for the ______ Rizzler
85%
Another member of the Costco Guys known for his ultimate rizz The Rizzler
85%
State where you can't escape once you go in and the state of all the brainrot problems Ohio
81%
Leader of the pack and usually known as the lone wolf Alpha
80%
What you get after watching Youtube shorts for hours Brainrot
79%
Brainrot version of "What the Heck?" What the Sigma
78%
Game about murdering and imposters popular during Covid Among Us
75%
Something that people can feel when you're in their presence Aura
75%
Brainrot show with way too many episodes about singing bathroom objects Skibidi Toilet
70%
What you say when someone is lying Cap
69%
Someone who is super good looking and amazing at everything. Giga - _____ Chad
69%
AMP member who always taxes food on unsuspecting victims Fanum
69%
Sussy _____ Baka
67%
Just put the _____ in the bag! Fries
67%
Greatest of all Time GOAT
67%
Let him ______ Cook
66%
What sports drink did the above make with Logan Paul Prime
66%
McDonald's shake that made people pass out and get killed Grimace
65%
I'm ___ days into college but I'm 3 lectures behind 2
64%
Who got a low taper fade Ninja
64%
English or ______? Spanish
64%
Middle Aged woman who complains to managers Karen
63%
YouTuber who gives out a bunch of money MrBeast
63%
Term used for the above game involving calling someone weird Sus
63%
AMP member known for his streams with famous people and being an awesome guy Kai Cenat
62%
Athlete who plays basketball. You are my sunshine my only sunshine LeBron James
62%
Freaky rapper arrested for his freak offs P Diddy
62%
Had a video leaked of them stroking their meat Drake
61%
Pig who is constantly calling you John Pork
61%
What boxer is known for his huge forehead and is part of the Sidemen KSI
61%
Streamer who loves Ronaldo Speed
61%
Fortnite currency VBucks
61%
What you're doing if you're talking way too much Yapping
61%
Slang for Family Fam
59%
Best video game ever created according to everyone Fortnite
59%
Chinese app that is similar to YouTube Shorts TikTok
59%
______ No Scope 360
58%
Rapper who released Not Like Us against the above Kendrick Lamar
58%
Improving your looks Looksmaxxing
57%
What you call your enemy Opp
57%
KSI song that is known for being terrible Thick of It
57%
1000 bottles of what found in the aboves house Baby Oil
56%
Things that girls don't like in boys "It's giving an ___" Ick
56%
Fight between Jake Paul and ______ ______ Mike Tyson
56%
I like my _____ drippy, bruh Cheese
55%
Place where mods and kittens hang out Discord
54%
Intense form of edging Gooning
54%
Being physically more attractive than someone Mogging
54%
Someone who is terrible at gaming (Roblox) Noob
54%
Streamer that is known for being huge and playing fall guys CaseOh
53%
Hailey Walch said this amazing quote Hawk Tuah
53%
Baddie known for her Gyat and her red curly hair Ice Spice
53%
Just, Just, Just give me my ______ Money
53%
New and healthier Lunchables Lunchly
52%
Jake Paul is the founder of Team _____ 10
51%
Celebrity who escaped the matrix and was sent to prison. But now resides in Romania Andrew Tate
51%
What you call good looking clothes or chains Drip
51%
What you call someone who has been there since the beginning OG
50%
Term for a super good song or a term for a girl who gets passed around Bop
49%
The generation of people probably playing this or the generation before the above Gen Z
49%
The podcast of the above Talk Tuah
49%
Another Chinese brand that is similar to Shein and had countless commercials at the Super Bowl Temu
49%
Fat Bugs Bunny Big Chungus
48%
Creator of Skibidi Toilet DaFuq?!Boom!
47%
Very ____ Very Mindful Demure
47%
When someone is constantly hyping up someone and it's annoying Glazing
46%
Game that is highly anticipated and won't come out for another year GTA 6
46%
Candy product made by the above Feastables
45%
Dance made famous by Fortnite and Backpack Kid Floss
45%
______ Dread Head Nonchalant
45%
Highest level of Gyat 5
44%
Slang for sure or definitely Bet
44%
The generation of kids right now Gen Alpha
44%
Slang for a hotdog or... something else Glizzy
43%
Kumalala Kumalala Kumalala _______ Savesta
43%
_________ the Destroyer Gorlock
42%
Term for strengthening your jawline on a daily basis. You gotta keep the _____ ______ Mewing Streak
42%
Type of YouTuber that eats huge amounts of food Mukbang
42%
Put the ______ down!! Phone
42%
Brainrot version of Christmas Rizzmas
42%
Who said, "Erm, what the Sigma?" Squidward
41%
What the Costco Guys say after rating a fire meal Boom
40%
AMP member known for rizzing up girls and playing NBA 2K Duke Dennis
40%
College student known for her gymnastics and gyat Livvy Dunne
40%
Website full of theorists and weird pictures Reddit
40%
Who the above are always fighting Cameramen
39%
This state is known for people doing insane things and crimes. ______ man. Florida
39%
Most well known YouTuber for the above Nikocado Avocado
39%
____ Dollar Fortnite Card, Who wants it? 19
38%
One of the Costco Guys known for the Chicken Bake Big Justice
38%
Mindlessly scrolling on your phone Doomscrolling
38%
Fruit in a sigma song in TikTok videos Mango
38%
Dance made famous by Justin Jefferson and Fortnite Griddy
37%
Streamer known for his catchphrase: What's up Brother! Sketch
37%
Young football player named after a real football player Baby Gronk
36%
Most dangerous neighborhood in the US which is in Chicago O-Block
36%
Music sigmas listen to Phonk
36%
It's for my ______!! Safety
36%
What you say after eating super good food Bussin
35%
I just lost my ______ Dawg
35%
Boxed Like a ______ Fish
35%
Donation which relates to 1000 TikTok Coins Galaxy
35%
What did the red yellow larva say Oi Oi Oi
35%
The other one known for the DOUBLE CHUNK CHOCOLATE COOKIE AJ
34%
What you say when you're shocked, or a word for your brother/homies Bruh
34%
What you do when you get super mad and start going crazy Crashout
34%
Exercise to extend your meat Jelqing
34%
Famous "actor" who is every job Johnny Sins
34%
I'm starting my _______ _____ Winter Arc
34%
Type of Sprite that is only available during Christmas Cranberry
33%
Nickname for him after the Chica incident IShowMeat
33%
School where you can master the art of mogging Mogwarts
33%
What variant of Quandale Dingle was at the TikTok Rizz Party Turkish
33%
Who says Gedagedigedagedago Chicken Nugget
31%
What is Logan Paul fan club called Logang
31%
Certain type of liquid associated with sigmas. Those who know ____ _____ Still Water
31%
Older senior who hits on younger freshman in school Super Senior
31%
Crazy video that was showing up on everyones FYP TikTok Rizz Party
31%
Person known for their super weird head and name. "What's up guys ______ _____ here" Quandale Dingle
30%
Famous Artist who friendzoned Kai Cenat Tyla
30%
No _____ _____ ____ Sauce?! Chick-Fil-A
29%
School where someone can acquire rizz Rizz Academy
29%
Status that older friends have Unc
29%
Song that was playing at the above Carnival
28%
Biggest Gyat in Fortnite Chun Li
27%
The brainrot quiz mascot on TikTok that asks the questions Spongebob
27%
Blonde girl known for being a baddie in Euphoria Sydney Sweeney
26%
YouTuber that spoke out against the above and HAD blue hair DanTDM
25%
Streamer known for his terrible basketball IQ Flight
25%
School made by the person above Hustlers University
25%
Streamer who pulled Breckie Hill Jynxzi
25%
Who made the song above Kanye West
25%
Someone who is saying "Thanks for the Rose!" NPC
25%
Catchphrase that the above say to freshman in the halls Where my hug at?
25%
YouTuber known for catching predators and falling asleep at WNBA games Jidion
24%
Cartoon character of the above Peter Griffin
24%
Clown who asks a question and can beatbox The Jonkler
23%
Travis Scott song known for being amazing hype up music and part of the aboves saying FE!N
22%
Thing that people inhale from whipped cream chargers Galaxy Gas
22%
Lawyer known for releasing super villains Jayoma
22%
Leader of the Below Blue Tie Kid
21%
Text above the picture of a cartoon character shooting a basketball Green FN
21%
Type of sandwich known as the ____ Way Ocky
21%
Spanish speaking influencer known as the King of Ohio Don Pollo
20%
Girl who moves along the friend group is a _____ ______ Homie Hopper
20%
Gym influencer known for his dialect and his shape Sam Sulek
20%
The above is always this in his video where he "lost all of his weight" Two Steps Ahead
20%
Streamer known for being white and playing GTA Adin Ross
19%
Where are all the trash athletes sent China
17%
TikTok day where you put explicit images on school slideshows December 22
17%
Made by who? Steve Lacy
17%
Number One rule of the above school No Talking
16%
Song Playing for the above Static
16%
Nickname of the player above (NBA Player) Demarcus Cousins III
15%
New show on YouTube known for a purple rabbit and a girl in a jester outfit The Amazing Digital Circus
15%
TikTok item that enhances certain performances Honey Pack
13%
Alvin and the Chipmunks character who knows the answer to every question Ian Hawke
13%
Animated talking five dollar bill character Yap Dollar
13%
Animals are depicted paying this character Bill Collector
12%
AI generated bird that is the chill plug Luh Calm Fit
11%
Brainrot kids channel on YouTube that uploads countless videos every day on Roblox LankyBox
10%
Most dangerous school Miller Grove
8%
Pill that makes you last a long time Rhino Pill
8%
Brainrot version of pizza Skibidi Slicers
7%
I have ______ Nothing
4%
What you call your friend after doing something awesome W Mans
1%
No matching quizzes found
Score Distribution
Percent of People with Each Score
Percentile by Number Answered
Your Score History
You have not taken this quiz